00292nam a22001097a 4500082001900000100002000019245004600039260003900085300001300124526003700137650000800174 a944.07bROScD aRoserbery, Lord aNapoleon the last phase /cLord Roseberry aLondon :bArthur L. Humbersc1900. a261 p. : a0b0c0d944_070000000000000_ROS aMCE